000 00311nam a22001337a 4500
008 170809b xxu||||| |||| 00| 0 eng d
020 _a9783860636114
041 _ager
080 _a004
100 _a35
101 _aSHK
245 _aACTIVE SERVER PAGES LERNEN UND BEHERRSCHEN
_cWELTNER,T
942 _2udc
_cBK
999 _c23042
_d23042